000 00983cam a2200313 a 4500
001 13497
003 BD-RjUL
005 20211208235449.0
008 1402 s2010 njuab b 001 0 eng
020 _a9780470529829 (cloth)
020 _a0470529822 (cloth)
035 _a(BD-RUCL)13548
040 _aDLC
_cBD-RUCL
_dBD-RUCL
_dDLC
_beng
041 _aeng
082 0 0 _a658.4083
_222
_bHAN 2010
100 1 _aHart, Ted,
_d1964-
_942103
245 1 0 _aNonprofit guide to going green /
_cTed Hart, Adrienne D. Capps, Matthew Bauer.
260 _aHoboken, N.J. :
_bWiley,
_cc2010.
300 _axxii, 425 p. :
_bill., maps ;
_c26 cm.
504 _aIncludes bibliographical references and index.
650 0 _aGreen marketing.
_942104
650 0 _aNonprofit organizations.
_942105
650 0 _aFund raising.
_941972
700 1 _aCapps, Adrienne D.
_942106
700 1 _aBauer, Matthew,
_d1966-
_942107
942 _2ddc
_cBK
999 _c13497
_d13497